00421nam a2200097Ia 4500008004100000100002700041245012700068260003700195650003000232856006100262160909s9999 xx 000 0 und d aBlack, Candace Jasmine 4aThe life history narrative: How early events and psychological processes relate to biodemographic measures of life history bThe University of Arizona.c2016 aHUMAN RESOURCE MANAGEMENT uhttp://pqdtopen.proquest.com/doc/1786940306.html?FMT=ABS